| 000 | 02012nam a22002777a 4500 | ||
|---|---|---|---|
| 005 | 20110829095733.0 | ||
| 010 | _aB-442820-824 B-442835-836 | ||
| 020 |
_c995.00 _a9789380748153 |
||
| 035 | _aB-442820-824 B-442835-836 | ||
| 037 | _bRBC/Ven | ||
| 082 | 0 | 0 | _a305.40954 |
| 100 | 1 |
_aKrishna Kumari _934600 |
|
| 245 | 1 | 4 |
_aThe position of women in Hindu civilization / _cby Krishna Kumari |
| 260 |
_aNew Delhi : _bMohit Books International _c2011 |
||
| 300 |
_avii, 304p. _c22 cm. (Hb) |
||
| 500 | _aIncludes bibliographical references and index. | ||
| 942 |
_2ddc _cEN _h305.40954 _mKRI |
||
| 999 |
_c56074 _d56074 |
||